Spatial search applications to planning problems in the public sector

Guardado en:
Detalles Bibliográficos
Autor principal: Massam, Bryan H.
Formato: Libro
Lenguaje:inglés
Publicado: Oxford Pergamon Press 1980
Colección:Urban and Regional Planning Series Volume 23
Materias:
Etiquetas: Agregar Etiqueta
Sin Etiquetas, Sea el primero en etiquetar este registro!

MARC

LEADER 00000nam a2200000 4500
001 c142881
005 20221123135820.8
020 |a 0-08-024286-3 
041 0 |a eng 
044 |a GB 
245 1 0 |a Spatial search  |b applications to planning problems in the public sector  |c by Bryan H. Massam 
264 1 |a Oxford  |b Pergamon Press  |c 1980 
300 |a 294 s. 
490 1 |a Urban and Regional Planning Series  |v Volume 23 
830 0 |a Urban and Regional Planning Series  |v Volume 23 
610 2 0 |a priestor 
610 2 0 |a výskum 
610 2 0 |a plánovanie 
610 2 0 |a sektor verejný 
610 2 0 |a analýzy 
610 2 0 |a štúdie prípadové 
610 2 0 |a metódy optimalizačné 
100 1 |a Massam, Bryan H.